France or Quebec? - Statistics

General Stats
  • This quiz has been taken 106 times
  • The average score is 15 of 20
Answer Stats
Question Answer % Correct
Bordeaux France
99%
Ottawa River Quebec
99%
Trois-Rivières Quebec
98%
Pyrenees France
97%
La Seine France
97%
St. Lawrence River Quebec
97%
Labrador Peninsula Quebec
94%
Lac Saint-Jean Quebec
90%
Loire France
88%
Chatellerault France
78%
Chaumont France
71%
Ile d’Orleans Quebec
71%
Strait Of Dover France
67%
Saint-Malo France
67%
Gironde Estuary France
67%
Bay of Biscay France
63%
Bellac France
62%
Fairmont le Château Quebec
62%
Boischatel Quebec
52%
Chenal du Sud Quebec
28%
No matching quizzes found
Score Distribution
Percent of People with Each Score
Percentile by Number Answered
Your Score History
You have not taken this quiz